A magyar történelmi dráma 1945-től napjainkig

Elmentve itt :
Bibliográfiai részletek
Szerző: Nagyné Bali Éva
További közreműködők: Nincs megadva (Témavezető)
Dokumentumtípus: Disszertáció
Megjelent: 1985
Tárgyszavak:
Online Access:http://doktori.ek.szte.hu/2123
LEADER 00595nta a2200169 i 4500
001 dokt2123
005 20200330111840.0
008 140306s1985 hu om 0|| hun d
040 |a SZTE Doktori Repozitórium  |b hun 
041 |a hun 
100 2 |a Nagyné Bali Éva 
245 1 2 |a A magyar történelmi dráma 1945-től napjainkig  |h [elektronikus dokumentum] /  |c  Nagyné Bali Éva 
260 |c 1985 
502 |a Disszertacio 
650 4 |a irodalom- és kultúra tudományok 
700 1 |a Nincs megadva  |e ths 
856 4 0 |u https://doktori.bibl.u-szeged.hu/id/eprint/2123/1/1985_nagyne_bali_eva.pdf  |z Dokumentum-elérés